Un coureur cycliste = une équipe UCI 2024 - Statistiques

Statistiques générales
  • Ce quiz a été pris 312 fois
  • Le résultat moyen est 11 sur 20
Statistiques - réponses
Hint Réponse % Correct
UAE Team Emirates Adam Yates
87%
Bora-Hansgrohe Primož Roglič
76%
Team Visma-Lease a Bike Tiesj Benoot
75%
Ineos Grenadiers Filippo Ganna
68%
TotalEnergies Pierre Latour
68%
dsm-firmenich PostNL Warren Barguil
67%
Decathlon AG2R La Mondiale Team Bruno Armirail
65%
Alpecin-Deceuninck Axel Laurance
63%
Intermarché-Wanty Lilian Calmejane
60%
Astana Qazaqstan Team Michael Mørkøv
56%
Israel-Premier Tech Hugo Hofstetter
55%
Movistar Rémi Cavagna
53%
Lidl-Trek Tao Geoghegan Hart
49%
Team Jayco AlUla Caleb Ewan
47%
EF Education-EasyPost Mikkel Honoré
47%
Arkéa-B&B Hotels Florian Sénéchal
46%
Soudal Quick-Step Mikel Landa
46%
Groupama-FDJ Clément Davy
45%
Bahrain Victorious Yukiya Arashiro
41%
Cofidis Kenny Elissonde
34%
Aucun quiz correspondant
Distribution des résultats
% des personnes avec chaque résultat
Percentile par nombre de réponses
Votre historique - résultats
Vous n’avez pas pris ce quiz